| 000 | 00675 a2200181 4500 | ||
|---|---|---|---|
| 003 | Nust | ||
| 005 | 20170207153550.0 | ||
| 040 | _cNust | ||
| 082 | _a621.382 | ||
| 100 | _aSiddiqui, Rizwan Aziz (MSEE-4) | ||
| 245 |
_aImage compression using hidden Markov model and entropy coding _cRizwan Aziz Siddiqui |
||
| 260 |
_bMCS _c2000 _aRwp |
||
| 300 | _axiv, 78 p | ||
| 505 | _aIntroduction (page-1), Overview of image compression techniques (page-8), The hidden Markov model (page-32), Application of hidden Markov model on multi-level gray image (page-58), Conclusions and recommendations (page-75). | ||
| 538 | _aAlmirah no 72 shelf no. 2 | ||
| 650 | _aMS Thesis | ||
| 651 | _aMSEE-4 | ||
| 942 | _cTHS | ||
| 999 |
_c188813 _d188813 |
||